| 000 | 00532nam a22002171a 4500 | ||
|---|---|---|---|
| 001 | 1580 | ||
| 003 | OSt | ||
| 005 | 20260204211739.0 | ||
| 008 | 040120s1968||||sp ||||||b||||||||||spa|| | ||
| 050 | _a370 S55c | ||
| 082 | _a370 S55c | ||
| 100 | _aSanchez Buchon, Consuelo | ||
| 245 | _aCurso de pedagogía / Consuelo Sanchez Buchon | ||
| 250 | _a25 | ||
| 264 | _aEspaña : Aldus | ||
| 300 | _a753 p | ||
| 500 | _aIncluye indice. | ||
| 650 | _a1.Educación | ||
| 700 | _aMaria del Carmen Valdivia SánchezÌ | ||
| 942 |
_2ddc _cBK |
||
| 999 |
_c1580 _d1580 |
||